000
00336pab a2200145 454500
008
180718b2005 xxu||||| |||| 00| 0 eng d
100
_a
Raj Kumar
245
_a
Tax compliance and VAT: governance options
260
_c
2005
300
_a
p.108-20.
362
_a
Jul
650
_a
Taxation
773
_a
Administrator
909
_a
69721
999
_c
69721
_d
69721